| 000 -LEADER |
| fixed length control field |
01348nam a22003257a 4500 |
| 008 - FIXED-LENGTH DATA ELEMENTS--GENERAL INFORMATION |
| fixed length control field |
250528b xxu||||| |||| 00| 0 eng d |
| 040 ## - CATALOGING SOURCE |
| Original cataloging agency |
Cagayan State University |
| 082 ## - DEWEY DECIMAL CLASSIFICATION NUMBER |
| Classification number |
791.4372 |
| Item number |
M6653 2024 |
| 245 ## - TITLE STATEMENT |
| Title |
The ministry of ungentlemanly warfare / directed and produced by Guy Ritchie ; produced by Jerry Bruckheimer, Chad Oman, Ivan Atkinson, John Friedberg. |
| 260 ## - PUBLICATION, DISTRIBUTION, ETC. (IMPRINT) |
| Place of publication, distribution, etc |
United Kingdom : |
| Name of publisher, distributor, etc |
Lionsgate, |
| Date of publication, distribution, etc |
2024. |
| 300 ## - PHYSICAL DESCRIPTION |
| Extent |
1 videofile, (ca. 122 mins.) : |
| Other physical details |
sound, color. |
| 520 ## - SUMMARY, ETC. |
| Summary, etc |
Billed as a true story about a secret British World War II organization; the Special Operations Executive. Founded by Winston Churchill, their irregular warfare against the Germans helped to change the course of the war, and gave birth to modern black operations. |
| 546 ## - LANGUAGE NOTE |
| Language note |
In English subtitle. |
| 650 ## - SUBJECT ADDED ENTRY--TOPICAL TERM |
| Topical term or geographic name as entry element |
Action. |
| 650 ## - SUBJECT ADDED ENTRY--TOPICAL TERM |
| Topical term or geographic name as entry element |
Comedy. |
| 650 ## - SUBJECT ADDED ENTRY--TOPICAL TERM |
| Topical term or geographic name as entry element |
War. |
| 700 ## - ADDED ENTRY--PERSONAL NAME |
| Personal name |
Cavill, Henry, star. |
| 700 ## - ADDED ENTRY--PERSONAL NAME |
| Personal name |
González, Eiza, star. |
| 700 ## - ADDED ENTRY--PERSONAL NAME |
| Personal name |
Ritchson, Alan, star. |
| 700 ## - ADDED ENTRY--PERSONAL NAME |
| Personal name |
Pettyfer, Alex, star. |
| 700 ## - ADDED ENTRY--PERSONAL NAME |
| Personal name |
Tiffin, Hero Fiennes, star. |
| 700 ## - ADDED ENTRY--PERSONAL NAME |
| Personal name |
Olusanmokun, Babs, star. |
| 700 ## - ADDED ENTRY--PERSONAL NAME |
| Personal name |
Zaga, Henrique, star. |
| 700 ## - ADDED ENTRY--PERSONAL NAME |
| Personal name |
Schweiger, Til, star. |
| 700 ## - ADDED ENTRY--PERSONAL NAME |
| Personal name |
Golding, Henry, star. |
| 700 ## - ADDED ENTRY--PERSONAL NAME |
| Personal name |
Elwes, Cary, star. |
| 700 ## - ADDED ENTRY--PERSONAL NAME |
| Personal name |
Wild, Ed, cinematographer. |
| 700 ## - ADDED ENTRY--PERSONAL NAME |
| Personal name |
Herbert, James, editor. |
| 942 ## - ADDED ENTRY ELEMENTS (KOHA) |
| Source of classification or shelving scheme |
|
| Item type |
Audio-Visual Materials |